000 00633cam a2200253 4500
001 ABS68210
008 040913n2004 000 0 eng u
035 _a(Sirsi) u127356
245 _aFocus: Channel Islands and Isle of Man
260 _c2004
490 _aEstates Gazette
_v(0433) 14 August 2004, 41-49(7)
590 _aABS
590 _aABS
650 _aCHANNEL ISLANDS
650 _aISLE OF MAN
650 _aGUERNSEY
650 _aLEISURE INDUSTRY
650 _aJERSEY
650 _aST HELIER
650 _aFILM INDUSTRY
650 _aHOTEL INDUSTRY
690 _aCOMMERCIAL PROPERTY-MARKET
942 _n0
999 _c117986
_d117986